|
|
|
|
| LEADER |
00878nam a2200229 a 4500 |
| 001 |
2152450 |
| 008 |
091208s1986 nyua b 000 0 eng d |
| 020 |
|
|
|a 0195205170
|
| 020 |
|
|
|a 0195205189 (pbk.)
|
| 040 |
|
|
|a JHW
|c JHW
|d OCL
|d AGX
|d BD-DhAAL
|
| 082 |
0 |
0 |
|a 338.9
|2 19
|
| 245 |
1 |
0 |
|a World development report 1986.
|
| 260 |
|
|
|a New York :
|b published for the World Bank, Oxford University Press,
|c c1986.
|
| 300 |
|
|
|a x, 256 p. :
|b ill. (some col.) ;
|c 27 cm.
|
| 504 |
|
|
|a Bibliography: p. 256.
|
| 541 |
1 |
|
|e 00015669
|
| 650 |
|
0 |
|a Economic development.
|
| 651 |
|
0 |
|a Developing countries.
|
| 710 |
2 |
|
|a World Bank.
|
| 852 |
4 |
|
|a Ayesha Abed Library
|j General shelf
|
| 999 |
|
|
|c 6142
|d 6142
|
| 952 |
|
|
|0 0
|1 0
|2 ddc
|4 0
|6 338_900000000000000_WOR_1986
|7 0
|9 6138
|a BRACUL
|b BRACUL
|c GEN
|d 2009-12-15
|g 0.00
|l 0
|o 338.9 WOR
|p 3010015669
|r 2009-12-15
|t 1
|w 2009-12-15
|y BK
|x No price found in the accession register.
|